| 000 | 00000nam 2200000zi 4500 |
| 001 | 9.947236 |
| 003 | CaOODSP |
| 005 | 20250224144124 |
| 006 | m o d f |
| 007 | cr mn||||||||| |
| 008 | 250122e197606 onc o f000 0 fre d |
| 040 | |aCaOODSP|bfre|erda|cCaOODSP |
| 043 | |an-cn---|aff-----|aaw----- |
| 086 | 1 |aId32-12/1976F-PDF |
| 245 | 04|aUne étude du marcheĢ des produits du bois en Afrique du Nord et au Moyen-Orient. |
| 264 | 1|aOttawa, Canada : |bDivision des produits primaires du bois, Direction de la transformation des richesses naturelles et de la construction, Ministère de l'Industrie et du Commerce, |cjuin 1976. |
| 264 | 4|c©1976 |
| 300 | |a1 ressource en ligne (71 pages) |
| 336 | |atexte|btxt|2rdacontent/fre |
| 337 | |ainformatique|bc|2rdamedia/fre |
| 338 | |aressource en ligne|bcr|2rdacarrier/fre |
| 500 | |aÉdition numérisée de l'imprimé [par Innovation, sciences et développement économique Canada]. |
| 500 | |aPublié aussi en anglais sous le titre : A study of the wood products market in North Africa and the Middle East. |
| 650 | 6|aProduits forestiers|xIndustrie|zAfrique du nord. |
| 650 | 6|aProduits forestiers|xIndustrie|zMoyen-Orient. |
| 650 | 6|aProduits forestiers|xIndustrie|zCanada. |
| 710 | 1 |aCanada. |bIndustrie et commerce, |eorganisme de publication. |
| 775 | 08|tA study of the wood products market in North Africa and the Middle East.|w(CaOODSP)9.934256 |
| 856 | 40|qPDF|s2.38 Mo|uhttps://publications.gc.ca/collections/collection_2025/isde-ised/id32/Id32-12-1976-fra.pdf |